[Event "CAN-op"]
[Site "Edmonton CAN"]
[Date "2005.07.17"]
[Round "10.46"]
[White "Chi, Jonathan"]
[Black "Yuan, Michael"]
[Result "0-1"]
[WhiteElo "1744"]
[BlackElo "2119"]
[PlyCount "70"]
[GameId "2160767910902230"]
[EventDate "2005.07.09"]
[EventType "swiss"]
[EventRounds "10"]
[EventCountry "CAN"]

1. d4 Nf6 2. c4 e6 3. Nc3 Bb4 4. a3 Bxc3+ 5. bxc3 Ne4 6. Qc2 f5 7. e3 b6 8. Bd3 Bb7 9. Nf3 d6 10. O-O O-O 11. Nd2 Ng5 12. Bb2 Nh3+ 13. Kh1 Qh4 14. f3 Nf2+ 15. Kg1 Nxd3 16. Qxd3 Nd7 17. e4 f4 18. Rfb1 Rf6 19. Qe2 Rh6 20. Nf1 g5 21. a4 g4 22. fxg4 Nf6 23. d5 exd5 24. cxd5 Nxg4 25. h3 Ne5 26. c4 f3 27. gxf3 Rg6+ 28. Kh2 Qf4+ 29. Kh1 Nxf3 30. Ne3 Qxe4 31. Qf2 Rf8 32. Ng2 Nh4 33. Qd2 Rxg2 34. Rg1 Rxg1+ 35. Kxg1 Nf3+ 0-1

[Event "CAN-op"]
[Site "Edmonton CAN"]
[Date "2005.07.17"]
[Round "10.47"]
[White "Me, Kevin"]
[Black "Abrahams, Daniel"]
[Result "1-0"]
[WhiteElo "1737"]
[BlackElo "1946"]
[PlyCount "33"]
[GameId "2160767910902231"]
[EventDate "2005.07.09"]
[EventType "swiss"]
[EventRounds "10"]
[EventCountry "CAN"]

1. e4 c5 2. Nf3 e6 3. d4 cxd4 4. Nxd4 a6 5. Be3 Nf6 6. Bd3 Qc7 7. O-O Nc6 8. Nb3 b5 9. f4 d6 10. N1d2 Bb7 11. Kh1 Be7 12. a4 Nb4 13. axb5 Nxd3 14. cxd3 axb5 15. Nd4 b4 16. Rxa8+ Bxa8 17. Qa4+ 1-0

[Event "CAN-op"]
[Site "Edmonton CAN"]
[Date "2005.07.17"]
[Round "10.48"]
[White "Day, Jonathan"]
[Black "Culjaga, Nikolai"]
[Result "0-1"]
[WhiteElo "1741"]
[BlackElo "1927"]
[PlyCount "78"]
[GameId "2160767910902232"]
[EventDate "2005.07.09"]
[EventType "swiss"]
[EventRounds "10"]
[EventCountry "CAN"]

1. e4 c5 2. Nf3 a6 3. a4 Nc6 4. Bc4 e6 5. Nc3 Qc7 6. d3 Nf6 7. h3 Be7 8. O-O O-O 9. Be3 d6 10. Kh1 Bd7 11. Rg1 Kh8 12. Qd2 Rad8 13. g4 Na5 14. Ba2 c4 15. d4 Nxe4 16. Nxe4 Bc6 17. Neg5 Bxg5 18. Bxg5 Bxf3+ 19. Kh2 f6 20. Bf4 Bd5 21. Rg3 Nc6 22. c3 Ne7 23. Be3 e5 24. Re1 f5 25. Bg5 f4 26. Rgg1 h6 27. Bxe7 Qxe7 28. dxe5 dxe5 29. Qe2 Qc5 30. Bb1 e4 31. g5 f3 32. Qc2 Qd6+ 33. Kh1 Qe6 34. Kh2 Qe5+ 35. Kh1 Rd6 36. Rg4 hxg5 37. Reg1 Rh6 38. h4 Rf4 39. Rxf4 Qxf4 0-1

[Event "CAN-op"]
[Site "Edmonton CAN"]
[Date "2005.07.17"]
[Round "10.49"]
[White "Kuczaj, Chris"]
[Black "Cashin, Ken"]
[Result "1-0"]
[WhiteElo "1761"]
[BlackElo "1904"]
[PlyCount "129"]
[GameId "2160767910902233"]
[EventDate "2005.07.09"]
[EventType "swiss"]
[EventRounds "10"]
[EventCountry "CAN"]

1. c4 e5 2. Nc3 Nf6 3. Nf3 Nc6 4. e3 Be7 5. a3 O-O 6. b4 b6 7. b5 e4 8. Ng5 Ne5 9. Ngxe4 Bb7 10. Nxf6+ Bxf6 11. d4 Ng6 12. Nd5 c5 13. bxc6 dxc6 14. Nxf6+ Qxf6 15. Qf3 Qe7 16. Bb2 Rfe8 17. Be2 Rad8 18. O-O Qe6 19. Qg3 Qf5 20. Rac1 Re7 21. Rfd1 Rde8 22. Bd3 Qh5 23. h3 Bc8 24. Rd2 Qh6 25. Rcd1 Nh4 26. d5 Nf5 27. Qf4 Qxf4 28. exf4 cxd5 29. cxd5 Nd6 30. Be5 Nf5 31. d6 Nxd6 32. Bxd6 Re1+ 33. Rxe1 Rxe1+ 34. Kh2 Re8 35. Bc7 Be6 36. Bb5 Rf8 37. Rd8 h6 38. Rxf8+ Kxf8 39. Bd6+ Kg8 40. g4 f5 41. Kg3 fxg4 42. hxg4 Kf7 43. f5 Bd5 44. Bb8 a6 45. Bxa6 Bc6 46. Kf4 g6 47. Bd3 gxf5 48. Bxf5 b5 49. Ke5 Bf3 50. Ba7 Bd1 51. f4 Bf3 52. Be3 Bd1 53. Kd5 Bf3+ 54. Kd6 Bc6 55. Be6+ Ke8 56. Bd4 Bf3 57. Bg7 h5 58. gxh5 Bxh5 59. f5 Kd8 60. f6 Ke8 61. Bd7+ Kd8 62. Bxb5 Bf7 63. a4 Kc8 64. Ke7 Bb3 65. f7 1-0

[Event "CAN-op"]
[Site "Edmonton CAN"]
[Date "2005.07.17"]
[Round "10.50"]
[White "Marshall, Jim"]
[Black "Tomaras, Pavlos"]
[Result "0-1"]
[WhiteElo "1726"]
[BlackElo "1886"]
[PlyCount "60"]
[GameId "2160767910902234"]
[EventDate "2005.07.09"]
[EventType "swiss"]
[EventRounds "10"]
[EventCountry "CAN"]

1. e4 e5 2. Nf3 f5 3. Nxe5 Nf6 4. Bc4 Qe7 5. Nf3 fxe4 6. Nd4 d5 7. Be2 Qe5 8. c3 c6 9. d3 Bd6 10. dxe4 Nxe4 11. Be3 O-O 12. Nd2 Nd7 13. Nxe4 dxe4 14. Bc4+ Kh8 15. Ne6 Nc5 16. Nxf8 Bf5 17. Nxh7 Bxh7 18. Bd4 Qf4 19. Be3 Qe5 20. Qd4 Qe7 21. Qd2 b5 22. Be2 Rd8 23. O-O-O Na4 24. Bg5 Qf7 25. c4 bxc4 26. Bxd8 Bf4 27. Ba5 Qf6 28. Bc3 Nxc3 29. bxc3 Qxc3+ 30. Kb1 Bxd2 0-1

[Event "CAN-op"]
[Site "Edmonton CAN"]
[Date "2005.07.17"]
[Round "10.51"]
[White "Milne, Arthur"]
[Black "Caron, Harvey"]
[Result "0-1"]
[WhiteElo "1876"]
[BlackElo "1741"]
[PlyCount "94"]
[GameId "2160767910902235"]
[EventDate "2005.07.09"]
[EventType "swiss"]
[EventRounds "10"]
[EventCountry "CAN"]

1. c4 Nf6 2. g3 g6 3. Bg2 Bg7 4. Nc3 O-O 5. e4 e5 6. d3 d6 7. Nge2 c6 8. O-O Na6 9. h3 Bd7 10. Bg5 Qb6 11. Qd2 Rfe8 12. a3 Nc5 13. Nc1 a5 14. Be3 Qc7 15. Rb1 Na6 16. b4 axb4 17. axb4 Rac8 18. N1e2 b5 19. cxb5 cxb5 20. Rfc1 Qb7 21. f4 Bc6 22. g4 Red8 23. g5 Ne8 24. f5 f6 25. fxg6 hxg6 26. gxf6 Nxf6 27. Bg5 Nc7 28. Rf1 Rf8 29. h4 d5 30. exd5 Ncxd5 31. Ne4 Nxe4 32. Bxe4 Qb6+ 33. Kg2 Nf6 34. Bxf6 Bxf6 35. Kg3 Bxe4 36. dxe4 Kg7 37. Qd7+ Kh8 38. Qd2 Rc7 39. Qh6+ Kg8 40. Kh2 Bg7 41. Qd2 Rxf1 42. Rxf1 Rc4 43. Qd7 Rc2 44. Qd3 Qc6 45. Kg3 Qc4 46. Qxc4+ Rxc4 47. Rb1 Rxe4 0-1

[Event "CAN-op"]
[Site "Edmonton CAN"]
[Date "2005.07.17"]
[Round "10.52"]
[White "Wihnon, Jason"]
[Black "Miller, Brian"]
[Result "0-1"]
[WhiteElo "1723"]
[BlackElo "1870"]
[PlyCount "74"]
[GameId "2160767910902236"]
[EventDate "2005.07.09"]
[EventType "swiss"]
[EventRounds "10"]
[EventCountry "CAN"]

1. e4 c5 2. Nf3 Nc6 3. Bb5 g6 4. Bxc6 Bg7 5. Ba4 e5 6. c3 Nf6 7. O-O O-O 8. h3 d6 9. Re1 Nh5 10. Bb3 Kh8 11. d4 f5 12. dxe5 fxe4 13. Ng5 Bxe5 14. Rxe4 Bf5 15. Rxe5 dxe5 16. Qxd8 Raxd8 17. g4 c4 18. gxf5 cxb3 19. Nd2 Rxf5 20. Nge4 Nf4 21. Kh2 Ne2 22. Kg2 bxa2 23. b3 Rd3 24. f3 Nxc3 25. Nxc3 Rxc3 26. Ne4 Rc2+ 27. Kg3 h5 28. h4 Rf7 29. Bg5 Kg7 30. f4 exf4+ 31. Bxf4 Re7 32. Kf3 Re6 33. Ke3 Kf8 34. Kd3 Rec6 35. Be5 Ke7 36. Nc3 Rf2 37. Rxa2 Rxc3+ 0-1

[Event "CAN-op"]
[Site "Edmonton CAN"]
[Date "2005.07.17"]
[Round "10.53"]
[White "Karmali, Hafiz"]
[Black "Faust, Steven"]
[Result "1-0"]
[WhiteElo "1867"]
[BlackElo "1722"]
[PlyCount "35"]
[GameId "2160767910902237"]
[EventDate "2005.07.09"]
[EventType "swiss"]
[EventRounds "10"]
[EventCountry "CAN"]

1. d4 Nf6 2. c4 e6 3. Nc3 Bb4 4. Qc2 b6 5. e4 Bxc3+ 6. bxc3 O-O 7. Nf3 Bb7 8. Bd3 h6 9. e5 Ne8 10. h4 d6 11. Ng5 dxe5 12. dxe5 Nd7 13. Bh7+ Kh8 14. Bg8 g6 15. Bxf7 Nxe5 16. Bxg6 Qf6 17. Bxe8 Raxe8 18. Qh7# 1-0

[Event "CAN-op"]
[Site "Edmonton CAN"]
[Date "2005.07.17"]
[Round "10.54"]
[White "Erickson, John"]
[Black "Masson, Richard"]
[Result "0-1"]
[WhiteElo "1904"]
[BlackElo "1712"]
[PlyCount "80"]
[GameId "2160767910902238"]
[EventDate "2005.07.09"]
[EventType "swiss"]
[EventRounds "10"]
[EventCountry "CAN"]

1. d4 Nf6 2. c4 g6 3. Nc3 d5 4. cxd5 Nxd5 5. e4 Nxc3 6. bxc3 Bg7 7. Nf3 O-O 8. Bf4 c5 9. Be2 Nc6 10. Be3 Bg4 11. e5 Qa5 12. Qb3 Bxf3 13. Bxf3 cxd4 14. Bxc6 dxe3 15. Bd5 exf2+ 16. Kxf2 Bxe5 17. Rac1 e6 18. Bf3 Rab8 19. Rc2 b6 20. g3 Rfd8 21. Re1 Bg7 22. Kg2 Rd6 23. Ree2 Rbd8 24. c4 Rd3 25. Qb1 Qa3 26. Qf1 Bc3 27. Be4 Rd2 28. Qf4 Rxe2+ 29. Rxe2 Qd6 30. Qg5 Rc8 31. h4 Rxc4 32. h5 Qe5 33. Qd8+ Kg7 34. Bf3 Qc7 35. Qg5 h6 36. Qb5 Rc5 37. Qe8 gxh5 38. Be4 Rg5 39. Re3 h4 40. Kf1 Rxg3 0-1

[Event "CAN-op"]
[Site "Edmonton CAN"]
[Date "2005.07.17"]
[Round "10.56"]
[White "Escandor, Manuel Omana"]
[Black "Thomson, Bruce"]
[Result "1-0"]
[WhiteElo "1787"]
[BlackElo "1676"]
[PlyCount "71"]
[GameId "2160767910902240"]
[EventDate "2005.07.09"]
[EventType "swiss"]
[EventRounds "10"]
[EventCountry "CAN"]

1. e4 e6 2. d4 d5 3. exd5 exd5 4. Nf3 Nc6 5. Be2 Bd6 6. O-O Nge7 7. Nc3 a6 8. Bg5 h6 9. Bh4 Bf5 10. Nxd5 Bxh2+ 11. Nxh2 Qxd5 12. c3 O-O 13. Bg3 Qd7 14. Qb3 Na5 15. Qd1 Rfe8 16. Nf3 Be6 17. Ne5 Qd8 18. Bf3 c6 19. Be2 f6 20. Nd3 b6 21. Nf4 Bf7 22. Bd3 f5 23. Qc2 Qd7 24. b3 g6 25. Rfe1 b5 26. Re5 Nd5 27. Nxd5 Bxd5 28. f3 Rxe5 29. Bxe5 Rf8 30. Kf2 Nb7 31. Rh1 Kh7 32. Qd2 h5 33. Qg5 Nd6 34. Rxh5+ gxh5 35. Qxh5+ Kg8 36. Qg6+ 1-0

[Event "CAN-op"]
[Site "Edmonton CAN"]
[Date "2005.07.17"]
[Round "10.57"]
[White "Hyseni, Astrit"]
[Black "Mattson, Marvin"]
[Result "1/2-1/2"]
[WhiteElo "1805"]
[BlackElo "1703"]
[PlyCount "83"]
[GameId "2160767910902241"]
[EventDate "2005.07.09"]
[EventType "swiss"]
[EventRounds "10"]
[EventCountry "CAN"]

1. d4 Nf6 2. e3 e6 3. c4 d5 4. Nc3 c6 5. Bd2 a5 6. a3 Be7 7. Nf3 Nfd7 8. Bd3 b6 9. O-O O-O 10. Qc2 h6 11. Ne5 Nxe5 12. dxe5 Nd7 13. f4 Nc5 14. Be2 Bb7 15. b4 axb4 16. axb4 Na6 17. b5 Nb4 18. Qb2 c5 19. cxd5 Nxd5 20. Nxd5 Bxd5 21. Bc3 Qc7 22. f5 Bg5 23. Bd2 Rxa1 24. Qxa1 Ra8 25. Qc3 exf5 26. Rxf5 Be6 27. Rf1 Ra2 28. Bd3 Qa7 29. Bc4 Ra3 30. Qc1 Bxc4 31. Qxc4 Bxe3+ 32. Bxe3 Rxe3 33. Qf4 Re2 34. Qf5 Qb7 35. Rf2 Rxf2 36. Kxf2 Qd5 37. h4 Qd4+ 38. Kg3 Qc4 39. h5 Qe6 40. Qxe6 fxe6 41. Kf3 g6 42. g4 1/2-1/2

[Event "CAN-op"]
[Site "Edmonton CAN"]
[Date "2005.07.17"]
[Round "10.58"]
[White "Longo, Tyler"]
[Black "Long, Hugh"]
[Result "1-0"]
[WhiteElo "1733"]
[BlackElo "1780"]
[PlyCount "65"]
[GameId "2160767910902242"]
[EventDate "2005.07.09"]
[EventType "swiss"]
[EventRounds "10"]
[EventCountry "CAN"]

1. d4 Nf6 2. Nf3 d5 3. e3 Bg4 4. Nbd2 e6 5. Bd3 Bd6 6. c3 Nbd7 7. Qc2 c5 8. e4 cxd4 9. Nxd4 O-O 10. exd5 exd5 11. O-O Ne5 12. Bf5 Rc8 13. Bxc8 Qxc8 14. N2b3 Bh3 15. f4 Nc4 16. gxh3 Qxh3 17. Qg2 Qd3 18. Qf3 Qg6+ 19. Kh1 h6 20. Rg1 Qh7 21. f5 Kh8 22. Bf4 Bxf4 23. Qxf4 Nxb2 24. Rg2 Nc4 25. Rag1 a5 26. Nd2 Rc8 27. Nxc4 dxc4 28. Nb5 Ne8 29. Nd6 Nxd6 30. Qxd6 Qxf5 31. Rxg7 Qf3+ 32. R7g2 Kh7 33. Qg3 1-0

[Event "CAN-op"]
[Site "Edmonton CAN"]
[Date "2005.07.17"]
[Round "10.59"]
[White "Fokkema, Jerred"]
[Black "Conner, Kris"]
[Result "1-0"]
[WhiteElo "1773"]
[BlackElo "1586"]
[PlyCount "81"]
[GameId "2160767910902243"]
[EventDate "2005.07.09"]
[EventType "swiss"]
[EventRounds "10"]
[EventCountry "CAN"]

1. e4 c5 2. Nf3 d6 3. d4 cxd4 4. Nxd4 Nf6 5. Nc3 a6 6. f3 e6 7. Be3 Be7 8. Qd2 b5 9. a3 Bb7 10. g4 Nfd7 11. O-O-O Ne5 12. h3 Nbc6 13. f4 Nc4 14. Bxc4 bxc4 15. f5 e5 16. Nxc6 Bxc6 17. Nd5 Bxd5 18. Qxd5 Rc8 19. Bd2 Rc5 20. Qb7 a5 21. Be3 Bg5 22. Bxg5 Qxg5+ 23. Kb1 Qd8 24. Rd5 Rxd5 25. Qxd5 Qc7 26. Qa8+ Qd8 27. Qc6+ Qd7 28. Qxc4 Ke7 29. Rd1 Rc8 30. Qa6 Qc7 31. c3 Rb8 32. Rd5 Rb6 33. Qxa5 Qb7 34. b4 Ra6 35. Qb5 Qa7 36. g5 Rxa3 37. f6+ gxf6 38. gxf6+ Kxf6 39. Rxd6+ Kg7 40. Qxe5+ f6 41. Qxf6+ 1-0

[Event "CAN-op"]
[Site "Edmonton CAN"]
[Date "2005.07.17"]
[Round "10.60"]
[White "Ingram, Richard"]
[Black "Beebe, Greg"]
[Result "1-0"]
[WhiteElo "2056"]
[BlackElo "1637"]
[PlyCount "27"]
[GameId "2160767910902244"]
[EventDate "2005.07.09"]
[EventType "swiss"]
[EventRounds "10"]
[EventCountry "CAN"]

1. e4 e5 2. Nf3 Nf6 3. Nxe5 d6 4. Nf3 Nxe4 5. d4 d5 6. Bd3 Bg4 7. O-O Bd6 8. Nbd2 Nxd2 9. Bxd2 O-O 10. Bxh7+ Kh8 11. Bd3 Nc6 12. h3 Bxf3 13. Qxf3 Nxd4 14. Qh5+ 1-0

[Event "CAN-op"]
[Site "Edmonton CAN"]
[Date "2005.07.17"]
[Round "10.61"]
[White "Mandic, Slaven"]
[Black "Bowles, Charles"]
[Result "0-1"]
[WhiteElo "1970"]
[BlackElo "1625"]
[PlyCount "67"]
[GameId "2160767910902245"]
[EventDate "2005.07.09"]
[EventType "swiss"]
[EventRounds "10"]
[EventCountry "CAN"]

1. e4 d6 2. d4 Nf6 3. Nc3 g6 4. Be3 c6 5. f3 Nbd7 6. Qd2 b5 7. Bh6 Bxh6 8. Qxh6 Qa5 9. Qd2 Bb7 10. b3 a6 11. Bd3 Qc7 12. Nce2 c5 13. c4 cxd4 14. cxb5 e5 15. Nh3 Nc5 16. Rc1 Nxd3+ 17. Qxd3 Qb6 18. Ng3 axb5 19. O-O Rxa2 20. Rf2 Rxf2 21. Nxf2 Ke7 22. b4 Rc8 23. Rxc8 Bxc8 24. Ne2 Be6 25. Kf1 Qa7 26. Qb1 Bc4 27. Nd3 Qa3 28. Nec1 d5 29. exd5 Nxd5 30. Kf2 Qc3 31. Kg3 f5 32. Qb2 Qxb2 33. Nxb2 Nxb4 34. Kf2 0-1

[Event "CAN-op"]
[Site "Edmonton CAN"]
[Date "2005.07.17"]
[Round "10.62"]
[White "Pradzinski, Tim"]
[Black "Seehagen, Terry"]
[Result "1-0"]
[WhiteElo "1894"]
[BlackElo "1608"]
[PlyCount "61"]
[GameId "2160767910902246"]
[EventDate "2005.07.09"]
[EventType "swiss"]
[EventRounds "10"]
[EventCountry "CAN"]

1. e4 d5 2. exd5 Nf6 3. Nc3 e5 4. dxe6 Bxe6 5. d3 Nc6 6. Nf3 Bc5 7. Be3 Bxe3 8. fxe3 Nd5 9. Nxd5 Qxd5 10. Be2 O-O-O 11. O-O h6 12. c4 Qd6 13. a3 g5 14. b4 Qe7 15. Qa4 Bxc4 16. dxc4 Qxe3+ 17. Rf2 g4 18. Nh4 Ne7 19. Bxg4+ Kb8 20. Nf3 Rhg8 21. Bh3 Ng6 22. Re1 Qc3 23. g3 Nh4 24. Ref1 Nxf3+ 25. Rxf3 Qd4+ 26. Kh1 Qe4 27. Bg2 Rd2 28. R3f2 Qe3 29. Rxd2 Qxd2 30. Qb5 a6 31. Qxb7# 1-0

[Event "CAN-op"]
[Site "Edmonton CAN"]
[Date "2005.07.17"]
[Round "10.63"]
[White "Lynn, Jim"]
[Black "Corsmeier, Tom"]
[Result "1-0"]
[WhiteElo "1871"]
[BlackElo "1598"]
[PlyCount "95"]
[GameId "2160767910902247"]
[EventDate "2005.07.09"]
[EventType "swiss"]
[EventRounds "10"]
[EventCountry "CAN"]

1. a3 e6 2. d4 f5 3. g3 Nf6 4. Bg2 d5 5. h4 c6 6. Bg5 Nbd7 7. e3 Bd6 8. Ne2 h6 9. Bxf6 Nxf6 10. Nf4 Bxf4 11. exf4 O-O 12. Nd2 Qe8 13. Nf3 b6 14. Ne5 Ba6 15. Bf1 Bxf1 16. Kxf1 Rc8 17. Kg2 c5 18. c3 cxd4 19. Qxd4 Ne4 20. b4 Nxc3 21. Qd3 Qb5 22. Qxb5 Nxb5 23. a4 Nc3 24. Rhc1 Rfd8 25. b5 d4 26. Ra3 Ne4 27. Nc6 Rd7 28. Rd1 Kf8 29. f3 Nc5 30. Rxd4 Rxd4 31. Nxd4 Rd8 32. Nc6 Rd7 33. h5 Ke8 34. Kf2 Rd2+ 35. Kg1 Rd1+ 36. Kh2 Rd2+ 37. Kh3 Rd1 38. Nxa7 Rh1+ 39. Kg2 Rxh5 40. Nc8 Nd7 41. Nd6+ Kd8 42. a5 bxa5 43. Rxa5 e5 44. Nf7+ Ke7 45. Nxe5 g5 46. g4 fxg4 47. fxg4 Nxe5 48. gxh5 1-0

[Event "CAN-op"]
[Site "Edmonton CAN"]
[Date "2005.07.17"]
[Round "10.64"]
[White "Robertson, Trevor"]
[Black "Thomas, Bruce"]
[Result "0-1"]
[WhiteElo "1597"]
[BlackElo "1795"]
[PlyCount "98"]
[GameId "2160767910902248"]
[EventDate "2005.07.09"]
[EventType "swiss"]
[EventRounds "10"]
[EventCountry "CAN"]

1. d4 d5 2. c4 e6 3. Nf3 Nf6 4. Nc3 h6 5. e3 Bb4 6. Qc2 Ne4 7. Bd3 f5 8. a3 Bxc3+ 9. bxc3 O-O 10. Ne5 Rf6 11. Bxe4 dxe4 12. g4 Nd7 13. gxf5 exf5 14. Nxd7 Bxd7 15. Rg1 Qe8 16. a4 Qh5 17. c5 Be6 18. c4 Qxh2 19. Kf1 f4 20. Bd2 Bh3+ 21. Ke2 f3+ 22. Kd1 Qxg1+ 23. Be1 Re8 24. Rb1 b6 25. Rb5 Qf1 26. a5 Bd7 27. Rb2 bxc5 28. Rb7 cxd4 29. Rxc7 d3 30. Qc3 Ba4+ 31. Kc1 Rd8 32. Kb2 Qe2+ 33. Ka3 Qc2 34. Bd2 Rb8 35. Qxc2 Bxc2 36. Bb4 Ra6 37. Rd7 Rc8 38. c5 h5 39. Bc3 Rcc6 40. Rxg7+ Kf8 41. Rg5 h4 42. Kb4 Rg6 43. Rh5 Rh6 44. Rg5 Ke8 45. Rg8+ Kd7 46. Kb5 Rag6 47. c6+ Rxc6 48. Rg7+ Ke8 49. Bb4 a6# 0-1

[Event "CAN-op"]
[Site "Edmonton CAN"]
[Date "2005.07.17"]
[Round "10.65"]
[White "Johnson, Dean"]
[Black "Panteluk, Steven"]
[Result "1-0"]
[WhiteElo "1588"]
[BlackElo "1773"]
[PlyCount "67"]
[GameId "2160767910902249"]
[EventDate "2005.07.09"]
[EventType "swiss"]
[EventRounds "10"]
[EventCountry "CAN"]

1. c4 c5 2. g3 Nc6 3. Bg2 Qc7 4. Nc3 Nf6 5. e4 g6 6. Nge2 Bg7 7. d3 e5 8. O-O a6 9. Nd5 Nxd5 10. cxd5 Ne7 11. f4 d6 12. Rb1 Bg4 13. h3 Bd7 14. Be3 h5 15. Qd2 Qc8 16. Kh2 h4 17. g4 Ng8 18. f5 gxf5 19. exf5 f6 20. Be4 Kf7 21. Rf2 Ne7 22. Rbf1 b5 23. b4 Qb7 24. bxc5 Nxd5 25. Rc1 Bc6 26. cxd6 Rhc8 27. g5 Nxe3 28. Qxe3 Bxe4 29. g6+ Ke8 30. Qxe4 Qd7 31. Rxc8+ Qxc8 32. Qd5 Kd7 33. Qe6+ Kc6 34. d7+ 1-0

[Event "CAN-op"]
[Site "Edmonton CAN"]
[Date "2005.07.17"]
[Round "10.67"]
[White "Laming, Ryan"]
[Black "Jones, Avery"]
[Result "1/2-1/2"]
[WhiteElo "1756"]
[BlackElo "1582"]
[PlyCount "54"]
[GameId "2160767910902250"]
[EventDate "2005.07.09"]
[EventType "swiss"]
[EventRounds "10"]
[EventCountry "CAN"]

1. d4 d5 2. c4 e6 3. Nc3 c6 4. Nf3 Nf6 5. Bg5 Be7 6. e3 O-O 7. Bd3 Re8 8. O-O Nbd7 9. Rc1 Nf8 10. h3 Ng6 11. cxd5 exd5 12. Qc2 Be6 13. a3 Qd7 14. Ne5 Nxe5 15. dxe5 Nh5 16. Bxe7 Rxe7 17. Bxh7+ Kh8 18. Bd3 Bxh3 19. f4 Bg4 20. Qf2 f5 21. Ne2 g6 22. Nd4 Rh7 23. b4 Qe7 24. Rfe1 Rc8 25. Be2 Bxe2 26. Rxe2 Ng7 27. Rec2 a6 1/2-1/2

[Event "CAN-op"]
[Site "Edmonton CAN"]
[Date "2005.07.17"]
[Round "10.68"]
[White "Harrop, Breagan"]
[Black "Rajski, Piotr"]
[Result "0-1"]
[WhiteElo "1568"]
[BlackElo "1746"]
[PlyCount "154"]
[GameId "2160767910902251"]
[EventDate "2005.07.09"]
[EventType "swiss"]
[EventRounds "10"]
[EventCountry "CAN"]

1. c3 e5 2. d4 e4 3. g3 d5 4. Bg2 Nf6 5. Nd2 Be6 6. f3 exf3 7. Ngxf3 Bd6 8. O-O O-O 9. Qc2 Re8 10. Ne1 Bg4 11. e4 dxe4 12. Nxe4 Nbd7 13. Nxd6 cxd6 14. Bf4 Qb6 15. h3 Be6 16. b3 Rac8 17. Kh2 Bd5 18. Nf3 Be4 19. Qd2 Nd5 20. c4 Nxf4 21. Qxf4 Nf6 22. d5 Re7 23. g4 Bxf3 24. Bxf3 h6 25. g5 hxg5 26. Qxg5 Qe3 27. Qh4 Qh6 28. Qxh6 gxh6 29. Rg1+ Kh7 30. Rg2 Rg8 31. Re2 Rxe2+ 32. Bxe2 Nd7 33. Bh5 Ne5 34. Rf1 Kg7 35. Rg1+ Kf8 36. Rxg8+ Kxg8 37. Kg3 Kg7 38. Be2 Kf6 39. a3 Kg5 40. h4+ Kf5 41. Bf1 Ke4 42. Bh3 f5 43. Bg2+ Ke3 44. Bh3 f4+ 45. Kg2 Ke2 46. Bc8 f3+ 47. Kg3 f2 48. Bh3 f1=Q 49. Bxf1+ Kxf1 50. Kf4 Kf2 51. c5 Nd3+ 52. Kf5 Nxc5 53. b4 Nd7 54. Ke6 Nb6 55. Kxd6 Kg3 56. Kc7 Nxd5+ 57. Kxb7 Kxh4 58. Kxa7 Kg5 59. a4 Nxb4 60. Kb6 h5 61. Kc5 h4 62. Kxb4 h3 63. Kb5 h2 64. a5 h1=Q 65. a6 Qa8 66. Kb6 Kf6 67. a7 Ke6 68. Ka6 Kd6 69. Kb6 Kd7 70. Ka6 Kc6 71. Ka5 Qxa7+ 72. Kb4 Qc5+ 73. Kb3 Kb5 74. Kb2 Kb4 75. Ka2 Kc3 76. Kb1 Qb5+ 77. Kc1 Qf1# 0-1

[Event "CAN-op"]
[Site "Edmonton CAN"]
[Date "2005.07.17"]
[Round "10.69"]
[White "Lacroix, Peter"]
[Black "Achtemichuk, Chris"]
[Result "0-1"]
[WhiteElo "1688"]
[BlackElo "1514"]
[PlyCount "82"]
[GameId "2160767910902252"]
[EventDate "2005.07.09"]
[EventType "swiss"]
[EventRounds "10"]
[EventCountry "CAN"]

1. f4 Nf6 2. b3 b6 3. Nf3 Bb7 4. Bb2 d6 5. g3 Nbd7 6. Bg2 e5 7. Nh4 Qc8 8. O-O Bxg2 9. Kxg2 h6 10. f5 Qb7+ 11. Kg1 d5 12. Nf3 Bd6 13. Na3 b5 14. d3 Ng4 15. Qd2 Bc5+ 16. d4 exd4 17. Nxd4 b4 18. Nb1 Ndf6 19. Qf4 O-O 20. h3 Bd6 21. Qf3 Ne5 22. Qg2 Qb6 23. Nd2 c5 24. N4f3 c4+ 25. Bd4 Bc5 26. Qf2 Ne4 27. Bxc5 Nxf3+ 28. Nxf3 Qc7 29. Qg2 Qxc5+ 30. Kh2 Rfe8 31. Rad1 Nc3 32. Rd2 Re3 33. Ng1 Rae8 34. Rf4 Ne4 35. Rd1 Rxg3 36. Qh1 Qd6 37. Rdf1 Re3 38. Qg2 Nc3 39. R1f2 Nxe2 40. f6 g5 41. h4 Nxf4 0-1

[Event "CAN-op"]
[Site "Edmonton CAN"]
[Date "2005.07.17"]
[Round "10.71"]
[White "Geley, Shawn"]
[Black "Deimert, Elroy"]
[Result "0-1"]
[WhiteElo "1522"]
[BlackElo "1666"]
[PlyCount "51"]
[GameId "2160767910902254"]
[EventDate "2005.07.09"]
[EventType "swiss"]
[EventRounds "10"]
[EventCountry "CAN"]

1. e4 c5 2. Nf3 Nc6 3. d4 cxd4 4. Nxd4 g6 5. Nc3 Bg7 6. Be3 Nf6 7. Bc4 O-O 8. f3 Qb6 9. Bb3 Nxe4 10. fxe4 Bxd4 11. Bh6 Bf2+ 12. Kd2 d6 13. Kc1 Be3+ 14. Bxe3 Qxe3+ 15. Kb1 a6 16. g4 Qh3 17. g5 Bg4 18. Qe1 Ne5 19. Nd5 Rae8 20. Nf4 Nf3 21. Qb4 Qh4 22. Qxb7 Qxg5 23. Nd5 Nd2+ 24. Kc1 Nxb3+ 25. Kb1 Nd2+ 26. Kc1 0-1

[Event "CAN-op"]
[Site "Edmonton CAN"]
[Date "2005.07.17"]
[Round "10.72"]
[White "Klein, Gernot"]
[Black "Raymer, Elliot"]
[Result "1-0"]
[WhiteElo "2023"]
[BlackElo "1574"]
[PlyCount "117"]
[GameId "2160767910902255"]
[EventDate "2005.07.09"]
[EventType "swiss"]
[EventRounds "10"]
[EventCountry "CAN"]

1. e4 e5 2. Nf3 Nc6 3. Bb5 a6 4. Ba4 Nf6 5. O-O d6 6. d4 exd4 7. Nxd4 Bd7 8. Nxc6 Bxc6 9. Bxc6+ bxc6 10. Nc3 Be7 11. f4 O-O 12. Qf3 Rb8 13. b3 Nd7 14. Ba3 Re8 15. Rad1 Qc8 16. e5 dxe5 17. Bxe7 Rxe7 18. Qxc6 Nf6 19. Rfe1 Re6 20. Qc4 exf4 21. Qxf4 Rxe1+ 22. Rxe1 Qd7 23. Rd1 Qc6 24. Qd4 h6 25. Re1 Qb6 26. Qxb6 cxb6 27. Ne4 Nxe4 28. Rxe4 Rc8 29. c4 Rd8 30. Re2 Kh7 31. Kf1 Rd1+ 32. Kf2 Ra1 33. Ke3 Kg6 34. Kd4 Rd1+ 35. Kc3 a5 36. a3 Ra1 37. Kb2 Rh1 38. h3 Kf6 39. b4 axb4 40. axb4 Kg5 41. c5 bxc5 42. bxc5 Rd1 43. Kc3 Rc1+ 44. Kd4 Rd1+ 45. Kc4 Rd8 46. c6 Rd1 47. Kc5 Rc1+ 48. Kd6 Rd1+ 49. Kc7 Rc1 50. Rd2 Kf6 51. Kd7 Kg5 52. c7 f5 53. c8=Q Rxc8 54. Kxc8 Kh4 55. Rd3 g5 56. Kd7 h5 57. Ke6 g4 58. Kxf5 g3 59. Rd4# 1-0

[Event "CAN-op"]
[Site "Edmonton CAN"]
[Date "2005.07.17"]
[Round "10.73"]
[White "Baser, Arthur"]
[Black "Purewal, Pal"]
[Result "1-0"]
[WhiteElo "1560"]
[BlackElo "1774"]
[PlyCount "75"]
[GameId "2160767910902256"]
[EventDate "2005.07.09"]
[EventType "swiss"]
[EventRounds "10"]
[EventCountry "CAN"]

1. e4 e5 2. Nf3 Nc6 3. Bc4 h6 4. O-O d6 5. c3 Na5 6. Be2 Nf6 7. Re1 a6 8. Na3 Bd7 9. Bf1 Be7 10. d4 exd4 11. cxd4 b5 12. b3 Bg4 13. Bb2 d5 14. e5 Ne4 15. Bd3 Ng5 16. Kh1 Nxf3 17. gxf3 Bh5 18. Rg1 g6 19. Nc2 Bg5 20. Bc1 Bxc1 21. Rxc1 Qd7 22. Ne3 c6 23. Qe2 Nb7 24. Ng4 Bxg4 25. Rxg4 Nd8 26. f4 Ne6 27. f5 gxf5 28. Bxf5 O-O-O 29. a4 Kb7 30. Qc2 Rc8 31. Rcg1 Qe7 32. a5 h5 33. R4g3 Rc7 34. Bxe6 fxe6 35. Rg6 Re8 36. Rf6 Qb4 37. Qg6 Qxd4 38. Qxe8 1-0